Matematics in action
| Format: | Book |
|---|---|
| Published: |
New York :
Macmillan/McGraw-Hill ,
1992
|
| Edition: | Texas edition |
| Subjects: |
MARC
| LEADER | 00000cam a2200000 7i4500 | ||
|---|---|---|---|
| 001 | 0000004932 | ||
| 002 | 000005318 | ||
| 005 | 20000330.0 | ||
| 020 | |a 0021084912 | ||
| 090 | 0 | 0 | |a 510.7 |b MAT |
| 245 | 0 | 0 | |a Matematics in action |c Alan R.Hoffer et.al |
| 250 | |a Texas edition | ||
| 260 | |a New York : |b Macmillan/McGraw-Hill , |c 1992 | ||
| 300 | |a 534p. : |b ill. ; |c 23cm. | ||
| 650 | 0 | 0 | |a Mathematics |
| 650 | 0 | 0 | |a Mathematic |x Study and teaching |
| 999 | |a 037551 |b BUKU |c PINJAMAN |e PERPUSTAKAAN KOMUNITI PETALING JAYA | ||